Trastorno disociativo de la personalidad

La presente investigación tiene por objetivo conocer los significados que los psicólogos le atribuyen, en diferentes centros públicos de la Región Metropolitana, al trabajo con personas diagnosticadas con trastorno disociativo de la personalidad, al proceso de tratamiento de sus pacientes. Este trat...

Full description

Bibliographic Details
Main Author: Soto Vega, Melissa
Other Authors: Ramírez Pino, Catalina (profesora guía)
Format: Tesis
Language:Spanish
Published: Santiago, Chile : Universidad Academia de Humanismo Cristiano, 2023.
Subjects:
Online Access:Disponible en línea (PDF). Biblioteca Digital UAHC

MARC

LEADER 00000nmm a22000007a 4500
001 000321
003 UAHC_CL
005 20240521200903.0
008 240326s2023 cl o d 000 spa
040 |a UAHC_CL  |c UAHC_CL  |d UAHC_CL 
100 |a Soto Vega, Melissa  |9 19377 
245 1 0 |a Trastorno disociativo de la personalidad  |c Melissa Catalina Soto Vega ; profesor guía Catalina Ramírez Pino. 
260 |a Santiago, Chile :  |b Universidad Academia de Humanismo Cristiano,  |c 2023. 
300 |a 60 páginas. 
500 |a Tesis para optar al grado académico de Licenciado/a en Psicología y título de Psicólogo/a. 
502 |a Tesina (Psicología) -- Universidad Academia de Humanismo Cristiano, 2023. 
516 |a Tesis electrónica (PDF). Solicitar envío de documento a biblioteca@academia.cl. 
520 |a La presente investigación tiene por objetivo conocer los significados que los psicólogos le atribuyen, en diferentes centros públicos de la Región Metropolitana, al trabajo con personas diagnosticadas con trastorno disociativo de la personalidad, al proceso de tratamiento de sus pacientes. Este tratamiento se realiza trabajando con las resistencias del yo traumatizado, en favor de una migración interna al yo psicológico, lo que es fundamental para el avance continuo del paciente. 
650 0 |a Trastornos de la personalidad  |9 19378 
653 |a Trastorno disociativo de la personalidad 
700 |a Ramírez Pino, Catalina  |e profesora guía  |9 15350 
856 |u https://bibliotecadigital.academia.cl/handle/123456789/7195  |y Disponible en línea (PDF). Biblioteca Digital UAHC 
900 |a TPSICO 1039 
942 |c TS 
952 |0 0  |1 0  |4 0  |6 TPSICO_1039_000000000000000  |7 0  |8 COMP  |9 99306  |a BC  |b BC  |c Digital  |d 2024-03-26  |l 0  |o TPSICO 1039  |r 2024-03-26 00:00:00  |w 2024-03-26  |y TS  |z Documento en PDF  |B PSI 
999 |c 61578  |d 61578